00424nam a2200181Ia 4500003000400000005001700004008004100021020001700062040000700079041000800086082001500094100003500109245002000144250000600164260004200170300001700212365001300229OSt20230405153014.0210423s2009 xx 000 0 und d a978812030279 cAL aeng a512.5 HOFK aHOFFMAN (Kenneth);KUNZE (Ray). aLinear algebra. a2 aNew DelhibPHI Learning Pvt Ltdc2009 aviii,407bPB b150cINR